State Capital per 3rd Letter Quiz Stats

 Plays Quiz Updated Jan 21, 2012

Challenge
Share
Tweet
Embed
Score 0/17 Timer 02:00
5 Plays Today
3rd Letter State Capital % Correct
LAtlanta, Columbus, Columbia...
94.2%
NAnnapolis, Concord, Denver...
91.4%
SAustin, Boston, Bismarck...
89.9%
CJackson, Richmond, Sacramento
89.6%
RCarson City, Harrisburg, Hartford...
79.8%
BAlbany
68.9%
ECheyenne, Pierre, Trenton
67.1%
OPhoenix, Providence
61.4%
DIndianapolis, Madison
61%
3rd Letter State Capital % Correct
TBaton Rouge, Little Rock
56%
YOlympia
55.1%
IBoise, Saint Paul
52.8%
GAugusta
49.9%
ACharleston, Frankfort
47.5%
VDover
43.1%
FJefferson City
38.7%
PTopeka
33.9%

You're not logged in!

Compare scores with friends on all Sporcle quizzes.
Join for Free
OR
Log In

You Might Also Like...

Show Comments

Extras

Top Quizzes Today


Score Distribution

Your Account Isn't Verified!

In order to create a playlist on Sporcle, you need to verify the email address you used during registration. Go to your Sporcle Settings to finish the process.

Report this User

Report this user for behavior that violates our Community Guidelines.

Details: